Statistics for Richest Footballers in the World

Click here to take the quiz!

General Stats

  • This quiz has been taken 103 times
  • The average score is 5 of 10

Answer Stats

Hint Answer % Correct
210MCristiano Ronaldo
100%
200MLionel Messi
99%
103MWayne Rooney
70%
135MNeymar
67%
105MZlatan Ibrahimovic
62%
80MFrank Lampard
29%
87MSamuel Eto'o
23%
96MKaka
21%
83MRonaldinho
14%
85MRaul
5%

Score Distribution

Percentile by Number Answered

Percent of People with Each Score

Your Score History

You have not taken this quiz